The 2024 F1 grid in 1 minute - Statistics

General Stats
  • This quiz has been taken 28 times
  • The average score is 13 of 20
Answer Stats
Answer % Correct
Charles Leclerc
100%
Lewis Hamilton
87%
Lando Norris
80%
Max Verstappen
80%
Oscar Piastri
80%
Yuki Tsunoda
80%
Carlos Sainz
73%
Daniel Ricciardo
73%
Alex Albon
67%
George Russell
67%
Sérgio Pérez
67%
Valtteri Bottas
60%
Lance Stroll
53%
Nico Hülkenberg
53%
Fernando Alonso
47%
Kevin Magnussen
47%
Logan Sargeant
40%
Zhou Guanyu
40%
Esteban Ocon
33%
Pierre Gasly
33%
No matching quizzes found
Score Distribution
Percent of People with Each Score
Percentile by Number Answered
Your Score History
You have not taken this quiz